Pokémon que empiezan por la letra G - Estadísticas

Estadísticas generales
  • Esta prueba ha sido intentada 18 veces
    15 desde el último reinicio
  • La puntuación promedio es 46 de 64
Estadísticas de respuestas
Gen Tipo Nombre % Correcto
IV Tierra/Dragon Gabite
100%
IV Tierra/Dragon Garchomp
100%
I Fantasma/Veneno Gengar
100%
I Roca/Tierra Geodude
100%
IV Tierra/Dragon Gible
100%
I Planta/Veneno Gloom
100%
I Agua Goldeen
100%
I Roca/Tierra Golem
100%
I Roca/Tierra Graveler
100%
IV Fantasma/Dragon Giratina
91%
III Hielo Glalie
91%
I Veneno/Volador Golbat
91%
V Bicho/Eléctrico Galvantula
82%
III Psíquico/Hada Gardevoir
82%
I Fantasma/Veneno Gastly
82%
IV Agua/Tierra Gastrodon
82%
II Tierra/Volador Gligar
82%
IV Tierra/Volador Gliscor
82%
I Agua Golduck
82%
VI Dragon Goodra
82%
V Psíquico Gothita
82%
V Psíquico Gothitelle
82%
V Psíquico Gothorita
82%
I Veneno Grimer
82%
IV Planta Grotle
82%
III Tierra Groudon
82%
I Fuego Growlithe
82%
IV Psíquico/Lucha Gallade
73%
V Veneno Garbodor
73%
V Roca Gigalith
73%
IV Hielo Glaceon
73%
VI Fantasma/Planta Gourgeist
73%
VI Agua/Siniestro Greninja
73%
VII Siniestro/Dragon Guzzlord
73%
I Agua/Volador Gyarados
73%
V Bicho/Acero Genesect
64%
IX Acero/Fantasma Gholdengo
64%
II Normal/Psíquico Girafarig
64%
VIII Hielo Glastrier
64%
V Tierra/Fantasma Golett
64%
VII Bicho/Agua Golisopod
64%
V Tierra/Fantasma Golurk
64%
VI Dragon Goomy
64%
III Planta Grovyle
64%
III Veneno Gulpin
64%
IX Roca Garganacl
55%
IX Fantasma Gimmighoul
55%
IX Roca/Veneno Glimmet
55%
IX Roca/Veneno Glimmora
55%
VI Planta Gogoat
55%
III Agua Gorebyss
55%
II Hada Granbull
55%
VIII Normal Greedent
55%
VII Bicho Grubbin
55%
III Psíquico Grumpig
55%
VII Normal Gumshoos
55%
V Lucha Gurdurr
55%
IV Normal Glameow
45%
VIII Planta Gossifleur
45%
IX Fantasma Greavard
45%
VIII Siniestro/Hada Grimmsnarl
45%
IX Veneno/Normal Grafaiai
36%
VIII Lucha Grapploct
36%
VIII Planta Grookey
36%
No se encontraron pruebas coincidentes
Distribución de puntuación
Porcentaje de gente con cada puntuación
Porcentaje por número respondido
Historial de tus puntuaciones
No has intentado esta prueba desde el último reinicio